Online
Catalog

Apuntes para la historia de los estudios lingüísticos en la República Dominicana / (Record no. 29367)

MARC details
000 -CABECERA
campo de control de longitud fija 00770nam a2200169 a 4500
001 - NÚMERO DE CONTROL
campo de control 000029875
005 - FECHA Y HORA DE LA ÚLTIMA TRANSACCIÓN
campo de control 20200930055855.0
008 - DATOS DE LONGITUD FIJA--INFORMACIÓN GENERAL
campo de control de longitud fija 110426s1990 dr 000 0 spa d
040 ## - FUENTE DE LA CATALOGACIÓN
Centro catalogador/agencia de origen DO-SdBNP
Lengua de catalogación spa
Centro/agencia transcriptor BNPHU
049 ## - FONDOS LOCALES (OCLC)
Fondos de biblioteca BNPD
111 1# - ENTRADA PRINCIPAL--NOMBRE DE CONGRESO/REUNIÓN
Nombre de congreso/reunión o jurisdicción como elemento de entrada Congreso internacional de de la Asociación de Lingüística y Filología de América Latina
Fecha del congreso/reunión (1989:
Sede del congreso/Lugar de la reunión Santo Domingo
Número del congreso/reunión o número de parte o sección 7a : 6 octubre )
9 (RLIN) 56619
245 10 - MENCIÓN DE TÍTULO
Título Apuntes para la historia de los estudios lingüísticos en la República Dominicana /
Mención de responsabilidad, etc. Rafael González Tirado.
260 ## - PUBLICACIÓN, DISTRIBUCIÓN, ETC.
Lugar de publicación, distribución, etc. Santo Domingo :
Nombre del editor, distribuidor, etc. Publicación de la Asociación de lingüística y Filología de América Latina,
Fecha de publicación, distribución, etc. 1990.
Fabricante Editora Gente
300 ## - DESCRIPCIÓN FÍSICA
Extensión 8 p. ;
Dimensiones 22 cm.
500 ## - NOTA GENERAL
Nota general En homenaje a Pedro Henríquez Ureña
700 1# - PUNTO DE ACCESO ADICIONAL--NOMBRE DE PERSONA
Nombre de persona González Tirado, Rafael
9 (RLIN) 3030
Holdings
Estado de retiro Estado de pérdida No para préstamo Código de colección Localización permanente Ubicación/localización actual Ubicación en estantería Fecha de adquisición Número de inventario Total de préstamos Signatura topográfica completa Código de barras Fecha visto por última vez Precio válido a partir de Tipo de ítem Koha Número de copia
      Patrimonio Dominicano General General Orden iniciada 26.04.2011 LF1   29875-30 25.06.2020 25.06.2020 Libro y Folleto Colección Patrimonio Dominicano  
    Excluido de préstamo Patrimonio Dominicano Patrimonio Dominicano Patrimonio Dominicano En catalogación 26.04.2011 LF1   29875-10 25.06.2020 25.06.2020 Libro y Folleto Colección Patrimonio Dominicano e. 2
    Excluido de préstamo Patrimonio Dominicano Patrimonio Dominicano Patrimonio Dominicano En catalogación 26.04.2011 LF1   29875-20 25.06.2020 25.06.2020 Libro y Folleto Colección Patrimonio Dominicano  

Powered by Koha